| 000 | 00964nam a2200217 a 4500 | ||
|---|---|---|---|
| 999 |
_c11431 _d11431 |
||
| 001 | 11431 | ||
| 003 | BD-JhCC | ||
| 005 | 20210329134019.0 | ||
| 008 | 190914s2016 bg |||| |||| 000 0 mul d | ||
| 035 | _a(BD-JhCC)11431 | ||
| 040 |
_aBD-JhCC _dBD-JhCC |
||
| 041 | _aEnglish and Bangla | ||
| 082 |
_a342.95492 _bGNO 2016 |
||
| 110 | _aআইন ও বিচার বিষয়ক মন্ত্রণালয় | ||
| 245 |
_aগণপ্রজাতন্ত্রী বাংলাদেশের সংবিধান / _cআইন ও বিচার বিষয়ক মন্ত্রণালয় |
||
| 260 |
_aঢাকা : _bআইন ও বিচার বিষয়ক মন্ত্রণালয়, _c২০১৬. |
||
| 300 |
_a২২৫ পৃ. : _c২৩ সেমি. |
||
| 650 |
_aConstitution _zBangladesh |
||
| 710 | _aআইন ও বিচার বিষয়ক মন্ত্রণালয় | ||
| 942 |
_2ddc _cBK _02 |
||